Normal view MARC view

Entry Personal Name

Number of records used in: 1

001 - CONTROL NUMBER

  • control field: 37606

003 - CONTROL NUMBER IDENTIFIER

  • control field: dpl

005 - DATE AND TIME OF LATEST TRANSACTION

  • control field: 20111226153228.0

008 - FIXED-LENGTH DATA ELEMENTS

  • fixed length control field: 111226|||a|||||| | ||| d

040 ## - CATALOGING SOURCE

  • Original cataloging agency: dpl
  • Transcribing agency: dpl

100 ## - HEADING--PERSONAL NAME

  • Personal name: गोस्वामी, किशोरी लाल

670 ## - SOURCE DATA FOUND

  • Source citation: Work cat.: (dpl)46495: गोस्वामी, किशोरी लाल, राजकुमारीः, 2010

670 ## - SOURCE DATA FOUND

  • Source citation: Work cat.: (dpl)46495: गोस्वामी, किशोरी लाल, राजकुमारीः, 2010

© Delhi Public Library
Hit Counter
free hit counter